000 00432nam a22001577a 4500
003 OSt
005 20240418161411.0
008 240418b |||||||| |||| 00| 0 eng d
040 _cMRSPTU
100 _aAjit Pal Singh (ਅਜੀਤਪਾਲ ਸਿੰਘ)
245 _aDoctor de Salah (ਡਾਕਟਰ ਦੀ ਸਲਾਹ)
250 _a1st
260 _aPunjab
_bTarkbharti Parkashan
_c1999
300 _a160
942 _2ddc
_cBK
_n0
999 _c10093
_d10093